000 00329nam a2200133Ia 4500
008 231217s9999 xx 000 0 und d
041 _aEnglish
082 _a620.076 ROB1;1 R
100 _aRobinson, AdamKatzman, John
245 0 _aPrinceton review cracking the new SAT
260 _c2004
300 _ax+632
942 _cAA
999 _c174874
_d174874